ბათუმის შოთა რუსთაველის სახელმწიფო უნივერსიტეტის ბიბლიოთეკა

Ортодонтия №3 (67) 2014 (ბიბ.ჩანაწერი № 45701)

000 -LEADER
fixed length control field 00453nam a2200181Ia 4500
001 - CONTROL NUMBER
control field 12528
003 - CONTROL NUMBER IDENTIFIER
control field GE_BSU
008 - FIXED-LENGTH DATA ELEMENTS--GENERAL INFORMATION
fixed length control field 181216s||||||||xx |||||||||||||| ||und||
040 ## - CATALOGING SOURCE
Transcribing agency GE_BSU
080 ## - UNIVERSAL DECIMAL CLASSIFICATION NUMBER
Universal Decimal Classification number პერიოდიკა
245 ## - TITLE STATEMENT
Title Ортодонтия №3 (67) 2014
245 ## - TITLE STATEMENT
Statement of responsibility, etc. Гл. ред. Л.В.Польма
260 ## - PUBLICATION, DISTRIBUTION, ETC.
Place of publication, distribution, etc. Москва
260 ## - PUBLICATION, DISTRIBUTION, ETC.
Date of publication, distribution, etc. 2014
300 ## - PHYSICAL DESCRIPTION
Extent 100стр.30см.
653 ## - INDEX TERM--UNCONTROLLED
Uncontrolled term Ортодонтия
942 ## - ADDED ENTRY ELEMENTS (KOHA)
Koha item type პერიოდიკა
ეგზემპლარები
Withdrawn status Lost status Damaged status Not for loan Date acquired Barcode Date last seen Price effective from Koha item type
        2018-12-17 p76558 2018-12-17 2018-12-17 პერიოდიკა